| 000 | 00559nam a2200193Ia 4500 | ||
|---|---|---|---|
| 003 | GCL | ||
| 008 | 140319s9999 xx 000 0 ara d | ||
| 040 |
_aGCL / _cGCL |
||
| 082 | 0 | 4 |
_aد _b050 |
| 100 | 1 | _aنظمى صبحى عريان | |
| 245 | 1 | 0 |
_aصحة الانسان بين الاغذية المحفوظة و المعلبات (اقرا 544 ) / _cنظمى صبحى عريان |
| 300 | _a142 | ||
| 490 |
_aاقرأ _v0 |
||
| 650 | 0 | 4 | _aالصحابة |
| 650 | 0 | 4 | _aالتغذية |
| 650 | 0 | 4 | _aالصحة |
| 650 | 0 | 4 | _aالاغذية |
| 942 |
_2ddc _cBK |
||
| 999 |
_c48854 _d48854 |
||